| 000 | 00683nam a2200193Ia 4500 | ||
|---|---|---|---|
| 008 | 151121s9999||||xx |||||||||||||| ||und|| | ||
| 082 | _a832/अस्थाना | ||
| 082 | _bHNW-35115 | ||
| 100 | _aअस्थाना श्याम मोहन | ||
| 245 | _aपूर्व और पश्चिम | ||
| 260 | _b"राका प्रकाशन, आरा।" | ||
| 260 | _c-- | ||
| 300 | _a107 | ||
| 600 | _aअस्थाना श्याम मोहन | ||
| 630 | _aपूर्व और पश्चिम | ||
| 700 | _aअस्थाना श्याम मोहन | ||
| 730 | _aपूर्व और पश्चिम | ||
| 942 | _cBOOK | ||
| 999 |
_c1227804 _d1227801 |
||